000 00833nas a2200253 4500
001 BR2011004064
003 BR-BrBNA
005 20231205115444.0
007 ta
008 230509b bl.|||p| |||| 00| 00por d
040 _aBR-BrBNA
_bpor
_cBiblioteca Nacional de Agricultura
041 _a(Pt)
072 _aS40
100 1 _aEnes, C.C.
100 1 _aSilva, M.V. da
245 1 _aA alimentação das famílias do Centro-Oeste brasileiro: subsídios para ações de segurança alimentar e nutricional
650 _aCONSUMO ALIMENTAR
650 _aRENDA FAMILIAR
650 _aSEGURANÇA ALIMENTAR
650 _aPROGRAMA DE NUTRIÇÃO
773 0 _tSegurança Alimentar e Nutricional (Brazil)
_xISSN 1808-8023
_g(2008), v. 15(2) p. 46-57
_wBR2011004064
909 _a202311
_bLúcia
_c55
_dLúcia Elande
942 _2AGRIS
_n0
_cANA
999 _c213900
_d213900